| 000 | 00350nam a2200145Ia 4500 | ||
|---|---|---|---|
| 008 | 150201s2008 xx 000 0 und d | ||
| 082 |
_a611 _bM08A |
||
| 100 | _aABRAHAMS, P.R. | ||
| 245 | _aMCMINN,S CLINICAL ATLAS OF HUMAN ANATOMY | ||
| 250 | _a6TH | ||
| 260 |
_bELSEVIER _c2008 |
||
| 300 | _a1-386 | ||
| 650 | _aHUMAN ANATOMY | ||
| 942 |
_2ddc _cBK _0109 |
||
| 999 |
_c317 _d317 |
||